000 00766nas a2200253 i 4500
001 614
003 ES-MaACL
005 20250724062531.0
007 t|
008 950801d19841987sp q| | 1 ||pa d
022 _a0212-8950
080 _a008(=927)
245 0 0 _aCálamo /
_cdir. Jesús Riosalido.
260 _aMadrid :
_bInstituto Hispano-Arabe de Cultura,
_c1984-1987 (
_fGráfica Internacional)
300 _a1 v. ;
_c29 cm.
310 _aTrimestral
362 0 _aN. 1 (abr.-jun. 1984)- (1987)
650 7 _aCultura
_2embne
_9170963
700 0 _aRiosalido, Jesús,
_d1937-
_997407
710 2 _aInstituto Hispano-Árabe de Cultura.
_9162165
852 _aES-MaACL
_jHEM-H-404
_xHem-1599
_d
866 0 _o1984(1985f.n.7)1986-87
999 _c614
_d614